000 00348 a2200169 4500
001 45850
020 _a8506012139
040 _cAnchieta - Aquarius
100 _aPlace, Robin
240 1 0 _aOs Celtas
_lpor
245 1 0 _aOs Celtas
300 _a60
362 0 _a1997
440 1 _aMelhoramentos
650 4 _aCeltas Civilização
942 _cBK
999 _c45850
_d45850